Preservation and organization of manuscripts in the libraries / (Record no. 102369)

MARC details
000 -LEADER
fixed length control field 01108nam a22002537a 4500
005 - DATE AND TIME OF LATEST TRANSACTION
control field 20170512120307.0
010 ## - LCCN (DPL NO)
LC control number 1617EN ENG-117572
020 ## - INTERNATIONAL STANDARD BOOK NUMBER
International Standard Book Number 9788185708522
Terms of availability 795.00
035 ## - SYSTEM CONTROL NUMBER
System control number B-647567-574
035 ## - SYSTEM CONTROL NUMBER
System control number EN-101104
035 ## - SYSTEM CONTROL NUMBER
System control number B-666090
037 ## - SOURCE OF ACQUISITION
Stock number dpl
Source of stock number/acquisition Variety
037 ## - SOURCE OF ACQUISITION
Source of stock number/acquisition DBAD/PUB
082 ## - DEWEY DECIMAL CLASSIFICATION NUMBER
Classification number 025.84095485
100 ## - MAIN ENTRY--PERSONAL NAME
Personal name Balakriishna, P.
245 ## - TITLE STATEMENT
Title Preservation and organization of manuscripts in the libraries /
Statement of responsibility, etc by P. Balakrishna
260 ## - PUBLICATION, DISTRIBUTION, ETC. (IMPRINT)
Place of publication, distribution, etc New Delhi
Name of publisher, distributor, etc SBW Pub.
Date of publication, distribution, etc 2015
270 ## - ADDRESS
Address 4831/24, Prahlad Gali, Ansari Road, Darya Ganj,
City New Delhi
Postal code 110002
300 ## - PHYSICAL DESCRIPTION
Extent viii,182p.
Dimensions 25cm(Hb)
500 ## - GENERAL NOTE
General note Includes bibliographical references and index
942 ## - ADDED ENTRY ELEMENTS (KOHA)
Source of classification or shelving scheme Dewey Decimal Classification
Item type English Books
Call number suffix BAL
Classification part 025.84095485
Holdings
Withdrawn status Lost status Not for loan Collection code Home library Current library Date acquired Source of acquisition Cost, normal purchase price Full call number Barcode Copy number Cost, replacement price Koha item type
      Non-fiction Ashok Vihar Ashok Vihar 12/05/2017 BPPD/EN/2016-17/AV/16-17/474/15.2.2017/1428/7.3.2017/ 10.3.2017 795.00 025.84095485 BAL B-666090 1 795.00 English Books
    Not For Loan Non-fiction D.B.Act.Division Bawana 22/03/2017 DBAD/PUB 795.00 025.84095485 BAL EN-101104 1 795.00 English Books
      Non-fiction Central Library Central Library 27/03/2017 BPPD/EN/2016-17/308/24.11.2016/IN1369/5.12.2016/2.1.2017 795.00 025.84095485 BAL B-647567 1 795.00 English Books
      Non-fiction Janak Puri Janak Puri 27/03/2017 BPPD/EN/2016-17/308/24.11.2016/IN1369/5.12.2016/2.1.2017 795.00 025.84095485 BAL B-647571 1 795.00 English Books
      Non-fiction Kasturba Gandhi Marg Kasturba Gandhi Marg 27/03/2017 BPPD/EN/2016-17/308/24.11.2016/IN1369/5.12.2016/2.1.2017 795.00 025.84095485 BAL B-647570 1 795.00 English Books
      Non-fiction New Police Line New Police Line 27/03/2017 BPPD/EN/2016-17/308/24.11.2016/IN1369/5.12.2016/2.1.2017 795.00 025.84095485 BAL B-647568 1 795.00 English Books
      Non-fiction Patel Nagar Patel Nagar 27/03/2017 BPPD/EN/2016-17/308/24.11.2016/IN1369/5.12.2016/2.1.2017 795.00 025.84095485 BAL B-647569 1 795.00 English Books
      Non-fiction Sarojini Nagar Sarojini Nagar 27/03/2017 BPPD/EN/2016-17/308/24.11.2016/IN1369/5.12.2016/2.1.2017 795.00 025.84095485 BAL B-647572 1 795.00 English Books
      Non-fiction Shahdara Branch Shahdara Branch 27/03/2017 BPPD/EN/2016-17/308/24.11.2016/IN1369/5.12.2016/2.1.2017 795.00 025.84095485 BAL B-647573 1 795.00 English Books
      Non-fiction Yojana Vihar Yojana Vihar 27/03/2017 BPPD/EN/2016-17/308/24.11.2016/IN1369/5.12.2016/2.1.2017 795.00 025.84095485 BAL B-647574 1 795.00 English Books

© Delhi Public Library
Hit Counter
free hit counter